Statistics for Wars Involving Saudi Arabia

Click here to take the quiz!

General Stats

  • This quiz has been taken 10 times
  • The average score is 3 of 55

Answer Stats

YearSaudi GovernmentEnemyResultAnswer% Correct
1990-1991Kingdom of Saudi ArabiaIraqVictoryGulf War
50%
2015-PresentKingdom of Saudi ArabiaYemen Revolutionary Council
Islamic State
Ansar Al-Sharia
OngoingIntervention in Yemen
50%
2009-2010Kingdom of Saudi ArabiaHouthisInconclusiveOperation Scorched Earth
50%
2014-PresentKingdom of Saudi ArabiaIslamic StateOngoingWar on ISIS
38%
1992-1995Kingdom of Saudi ArabiaSomaliaDefeat1st Intervention in the Somali Civil War
13%
1680Sheikdom of DiriyahSadusVictoryAttack on Sadus
13%
1746Emirate of DiriyahRiyadhVictoryBattle of Riyadh
13%
1902Emirate of RiyadhJabal ShammarVictoryBattle of Riyadh
13%
1921Emirate of Najd & HasaJabal ShammarVictoryConquest of Ha'il
13%
2011Kingdom of Saudi ArabiaBahraini OppositionVictoryIntervention in Bahrain
13%
1991-2003Kingdom of Saudi ArabiaIraqVictoryIraqi No Fly Zone Enforcement Operations
13%
1962-1965Kingdom of Saudi ArabiaNorth Yemen
United Arab Republic
DefeatNorth Yemen Civil War
13%
2009-2016Kingdom of Saudi ArabiaSomali PiratesVictoryOperation Ocean Shield
13%
1973Kingdom of Saudi ArabiaIsraelDefeatRamadan War
13%
1948-1949Kingdom of Saudi ArabiaIsraelDefeat1st Arab-Israeli War
0%
1834Emirate of Najd (Supporters of Faisal)Emirate of Najd (Supporters of Mishari)Victory1st Saudi Civil War
0%
1903-1907Emirate of RiyadhJabal Shammar
Ottoman Empire
Victory1st Saudi-Rashidi War
0%
1865-1875Emirate of Najd (Supporters of Rahman)Emirate of Najd (Supporters of Saud)Victory2nd Saudi Civil War
0%
1792Emirate of DiriyahBani KhalidDefeatAl-Ahsa Rebellion
0%
1870-1871Emirate of NajdOttoman Empire
Kuwait
DefeatAl-Hasa Expedition
0%
1918-1919Emirate of Najd & HasaHejazVictoryAl Khurma Dispute
0%
1969Kingdom of Saudi ArabiaSouth YemenVictoryAl-Wadiah War
0%
1764Emirate of DiriyahBani KhalidDefeatBattle of Al-Hayer
0%
1883Emirate of NajdJabal ShammarDefeatBattle of Arwa
0%
1903Emirate of RiyadhJabal ShammarVictoryBattle of Dilam
0%
1789Emirate of DiriyahBani KhalidVictoryBattle of Ghrimeel
0%
1910Emirate of RiyadhAl-MunafiqVictoryBattle of Hadia
0%
1915Emirate of Najd & HasaJabal ShammarDefeatBattle of Jarrab
0%
1915Emirate of Najd & HasaAjman TribeVictoryBattle of Kanzan
0%
1811Emirate of DiriyahBahrain
Kuwait
DefeatBattle of Khakeekera
0%
1991Emirate of NajdJabal ShammarDefeatBattle of Mulayda
0%
1949-1955Kingdom of Saudi ArabiaUnited Kingdom
Turcial States
Oman
DefeatBuraimi Dispute
0%
1913Emirate of RiyadhOttoman EmpireVictoryConquest of Al-Hasa
0%
1838-1843Emirate of NajdOttoman EmpireVictoryEgyptian Invasion of Najd
0%
1979Kingdom of Saudi ArabiaIkhwanVictoryGrand Mosque Seizure
0%
1931-1933Kingdom of Hejaz and NajdAsirVictoryIdrisid Emirate Rebellion
0%
1922-1924Sultanate of NajdTransjordan
United Kingdom
DefeatIkhwan Raids on Transjordan
0%
1927-1930Kingdom of Hejaz and NajdIkhwanVictoryIkhwan Revolt
0%
1803Emirate of DiriyahAl-MuntafiqVictoryInvasion of Basra
0%
1802Emirate of DiriyahOttoman EmpireVictoryInvasion of Karbala
0%
1793Emirate of DiriyahKuwait
United Kingdom
DefeatInvasion of Kuwait
0%
1793-1798Emirate of DiriyahQatar
Bahrain
Ottoman Empire
Oman
VictoryInvasion of Qatar
0%
1919-1920Emirate of Najd & HasaKuwait
United Kingdom
DefeatKuwait-Najd War
0%
1976-1979Kingdom of Saudi ArabiaLebanese Front
South Lebanon Army
VictoryLebanese Civil War
0%
1987Kingdom of Saudi ArabiaIranian DemonstratorsVictoryMecca Incident
0%
1821-1824Emirate of NajdOttoman EmpireVictoryNajd Rebellion
0%
1931-1932Kingdom of Hejaz and NajdYemenVictoryNajran Conflict
0%
1811-1818Emirate of DiriyahOttoman EmpireDefeatOttoman-Saudi War
0%
1979Kingdom of Saudi ArabiaOrganisation for the Islamic RevolutionVictoryQatif Uprising
0%
1924-1925Sultanate of NajdHejazVictorySaudi Conquest of Hejaz
0%
1793Emirate of DiriyahBani KhalidVictorySaudi Invasion of Al-Ahsa
0%
1984Kingdom of Saudi ArabiaIranVictorySaudi-Iranian Air Engagement
0%
1790-1811Emirate of DiriyahMamluk Iraq
Al-Muntafiq
VictorySaudi-Mamluk War
0%
1931Kingdom of Hejaz and NajdYemenInconclusiveSaudi-Yemeni Border Skermish
0%
1934Kingdom of Saudi ArabiaYemenVictorySaudi-Yemeni War
0%

Score Distribution

Percentile by Number Answered

Percent of People with Each Score

Your Score History

You have not taken this quiz